MDQL
is popping MORE tags! Check the
thread
!
Quizzes
Events
Quiz Creation
Community
Videos
Private Events
Remove Ads
Sign In
Join for FREE
Feedback
Dark Mode
Quiz Categories
Sports
Geography
Music
Movies
Television
Just For Fun
Miscellaneous
History
Literature
Language
Science
Gaming
Entertainment
Religion
Holiday
For Kids
Quiz Lab
Recent
Popular Today
Quiz Kudos Today
Editor Picks
Curator Picks
Quizzes by...
Day
Popularity
Type
Ratings
Length
Year
Community
Subscriptions
Recent Discussions
Orange Saloon
Badges
Playlists
Quests
Create
Leaderboards
Showdown
Live 5
Trivia Bingo
Activity
Puzzle Library
Sporcle Events
Private Events
Virtual Trivia
Globe League
Become a Host
Pub Owners
SporcleCon
Opinionation
Our Games
Videos
Blog
Mobile Apps
Partnerships
Remove Ads and Go Orange
Feedback
Sports
Athletes
MLB
NBA
NHL
NFL
Soccer
Sports Teams
WWE
NCAA
Football
Premier League
Basketball
Baseball
Hockey
Golf
Tennis
Cricket
Rugby
Auto Racing
Olympics
World Cup
Sports
Athletes
MLB
NBA
NHL
NFL
Soccer
Sports Teams
WWE
NCAA
Football
Premier League
Basketball
Baseball
Hockey
Golf
Tennis
Cricket
Rugby
Auto Racing
Olympics
World Cup
Random Quiz
Search Sporcle
×
Quiz Lab
Quiz Lab
Sports
NFL
Select answers by clicking on text or image buttons
Select answers by clicking on text or image buttons
Clickable
Best Score? Go Orange.
Can you match the 2013 NFL Head Coachs to their teams Stats
Can you pick the the 2013 NFL Head Coach to its team?
By
dirod1989
4m
32 Questions
310 Plays
310 Plays
310 Plays
Comments
Comments
Give Quiz Kudos
Give Quiz Kudos
-
- Ratings
hide this ad
Forced Order
Answers have to be entered in order
Answers have to be entered in order
Random Order
Randomize order of answers
Randomize order of answers
Replay
Link that replays current quiz
Next Quiz
Link to next quiz in quiz playlist
You Got
0%
They Got
Avg Score
82%
Avg Friend Score
Upgrade to see
Score Distribution
Jump to the score distribution portion of the page
Score
0/32
Timer
04:00
0
Plays Today
% Correct
Mike Tomlin
94.8%
Bill Belichick
94.2%
Pete Carroll
92.9%
Sean Payton
92.9%
Rex Ryan
92.9%
Mike Shanahan
92.6%
Tom Coughlin
91.9%
Andy Reid
91.9%
Jason Garrett
90%
Chip Kelly
89.4%
Mike McCarthy
89.4%
John Harbaugh
89.4%
Jim Schwartz
88.7%
Jim Harbaugh
88.1%
John Fox
88.1%
Marvin Lewis
87.4%
% Correct
Chuck Pagano
87.4%
Jeff Fisher
86.5%
Gary Kubiak
86.5%
Leslie Frazier
82.6%
Mike Smith
82.3%
Ron Rivera
81.9%
Greg Schiano
76.8%
Joe Philbin
75.5%
Bruce Arians
74.8%
Marc Trestman
71.6%
Dennis Allen
70%
Mike Munchak
68.7%
Doug Marrone
64.8%
Rob Chudzinski
62.3%
Mike McCoy
58.7%
Gus Bradley
52.6%
Quiz Playlist
Details
Report
Send in Message
Add To Playlist
Clickable:
Select answers by clicking on text or image buttons
Forced Order:
Answers have to be entered in order
Random Order:
Randomize order of answers
Last Updated: Feb 16, 2017
Quiz Scoreboard
CHALLENGE
Sign Up to Join the Scoreboard
Show All
Scores
Hide
Comments
May contain spoilers
Recently Published
Holiday 10x10 Sorting Gallery
by lukepisani3
Holiday
15m
Two Season TV Shows II
by 123Four
Television
10m
Image Sorting: Flags VI
by Barbecue
Geography
2m
More to Explore
Quiz From the Vault
Featured Blog Post
14 Easter Pick-up Lines to Find Eggs With
hide this ad
You Might Also Like...
Tags
NFL Quiz
2013
coach
Sports Franchise
Today's Top Quizzes in Sports
Browse Sports
hide this ad
Today's Top Quizzes in NFL
Browse NFL
Top Contributed Quizzes in Sports
1
Les meilleurs buteurs des matchs entre le PSG et l’OM
2
Les entraîneurs de l'OM et du PSG au 21e siècle
3
2022 World Cup Stars
4
Les joueurs passés par le PSG et l'OM
5
Players with Multiple 50 Home Run Seasons
6
FIFA Club World Cup Champions
7
Top 10 NHL Goal Scorers of All Time
8
Les joueurs passés par le LOSC et le RC Lens
9
Criteria MLB: Left Handed Sluggers
10
2023 MLB Unique Player Accomplishments
Explore More
Trending Topics
NBA
Anime
Disney
Kpop
Marvel
Crossword
Harry Potter
Puzzle
The Office
Soccer
Song
WWE
Country
NFL
Pokémon
hide this ad
More By:
dirod1989
Quiz
Plays
Rating
Category
Featured
Created
Can you match the 2013 NFL Head Coachs to their teams
310
3.00
Sports
Apr 22, 2013
Cryptogram : The Beatles songs
258
3.50
Music
Mar 28, 2013
Go to Creator's Profile
Score Distribution
Quiz Creator Spotlight
dirod1989
Follow
Send a Message
Quizzes Created
-
Created Quiz Play Count
-
More By This Creator
Popular Quizzes Today
1
Find the US States - No Outlines Minefield
2
Colored Red Africa Blitz
3
Find the 'City' Movie
4
The Countries of the World
5
5x2 Blitz: Bands
6
Find the US States
7
Find the Countries of Europe - No Outlines Minefield
8
US States
More Sports Quizzes
2022 Formula 1 Driver Photo
Curator's Pick
Trending Quizzes
Colored Red Europe Blitz I
Colored Red Europe Blitz II
Colored Red Africa Blitz II
Colored Red Europe Blitz III
Colored Red Africa Blitz III
Recently Updated
Odd Team Out - Big 4 Players
pecheneg
Quick Pick: 20 Twenties
pecheneg
March Madness Men's Triple Doubles
pecheneg
How Do You Spell That?
pecheneg
Godzilla Movies
pecheneg
Grab Bag: 4-10 Letters
pecheneg
2024 March Madness Bracket
pecheneg
Famous TV Couples
Peacemaker
Champions League XIs: Real Madrid
pecheneg
Largest US Cities 1790-2010
pecheneg
Trending Topics
Crossword
Anime
Marvel
Harry Potter
Disney
NBA
Kpop
Song
WWE
Soccer
The Office
NFL
Pokémon
Country
Puzzle
Your Account Isn't Verified!
In order to create a playlist on Sporcle, you need to verify the email address you used during registration. Go to your
Sporcle Settings
to finish the process.
Report this User
Report this user for behavior that violates our
Community Guidelines
.
Details:
Send Report
Go to the Sporcle.com Mobile Site →
Comments